000 00677nam a22001937a 4500
005 20251108172733.0
008 250721s1997 xx 000 0 ara d
082 1 4 _a526.3/حمو
100 1 _aحموي، هيثم نوري
_eمؤلف
245 1 0 _aمدخل إلى جيوديزيا الأقمار الصناعية /
264 1 _aبيروت :
_bالدار العربية للعلوم،
_c1997.
300 _a180ص.
650 1 7 _aالمسح الجيوديسي
650 1 7 _aالأجهزة الجيوديسية
650 1 7 _aالأقمار الصناعية الجيوديسية
650 1 7 _aالتصوير المساحي الجوي
942 _2ddc
_cBK
999 _c87238
_d87238